000 00435nam a2200169Ia 4500
999 _c29060
_d29060
003 OSt
005 20260617170654.0
008 250310s9999||||xx |||||||||||||| ||und||
040 _c.
082 _a891.43
_bC4958
100 _96135
_aChaturvedi, Satya Dev
245 0 _aHamara swasthya aur gharelu upachar /
_cSatya Dev Chaturvedi
260 _aVaranasi :
_bHindi house,
_c2004.
300 _a92 p.
942 _cBK
_2ddc
041 _ahin